[Event "Cologne Longerich op 09th"]
[Site "Cologne"]
[Date "2012.08.05"]
[Round "3"]
[White "Herms, Stefan"]
[Black "Stupp, Gereon"]
[Result "0-1"]
[WhiteElo "1720"]
[BlackElo "1431"]
[PlyCount "38"]
[EventDate "2012.08.03"]
[EventType "tourn"]
[EventRounds "5"]
[EventCountry "GER"]
[SourceTitle "EXT 2017"]
[Source "ChessBase"]
[SourceDate "2016.10.25"]
[SourceVersion "1"]
[SourceVersionDate "2016.10.25"]
[SourceQuality "1"]

1. e4 e5 2. f4 d5 3. exd5 e4 4. d3 Nf6 5. dxe4 Nxe4 6. Qe2 Bf5 7. Nf3 Qxd5 8. Nfd2 Bb4 9. c3 Bc5 10. g4 0-0 11. gxf5 Nf2 12. b4 Bb6 13. c4 Nd3+ 14. Qxd3 Re8+ 15. Kd1 Qxh1 16. c5 Nc6 17. cxb6 Rad8 18. Qh3 Qe4 19. bxc7 Nxb4 0-1